Učebné dokumenty pre stredné odborné učilištia učebný odbor 55-74-2 ortopedická výroba

Bibliographic Details
Corporate Author: Slovensko (Československo). Ministerstvo školstva, mládeže a telesnej výchovy (Author)
Format: Book
Language:Slovak
PhysicalDescription:63 s. tab. 21 cm
Published: Bratislava Slovenské pedagogické nakladateľstvo 1989
ISBN:800800813X
Edition:1. vyd.
Subjects:

MARC

LEADER 00000cam a2200000 a 4500
001 vtls001082098
003 SK-MaSNL
005 20260301233018.0
008 240509s1989 xo a f 000 0 slo
015 |a SNBA1989/09 
020 |a 800800813X  |q (brož.) 
035 |a SNK000024936 
035 |a urn:nbn:sk:snk-amkueq 
035 |a urn:nbn:sk:snk-am002npl 
035 |a F6BC094A-7177-4633-A427-4991E3200893 
040 |a SNK  |b slo  |c SNK  |e AACR2 
041 0 |a slo 
044 |a xo  |c SK 
080 |a 371.214:615.477  |2 1981 
080 |a 615.477  |2 1981 
080 |a 615.477(073)  |2 1981 
110 1 |a Slovensko (Československo).  |b Ministerstvo školstva, mládeže a telesnej výchovy  |4 aut  |9 218270 
245 1 0 |a Učebné dokumenty pre stredné odborné učilištia  |b učebný odbor 55-74-2 ortopedická výroba  |c zodp. red. Daniela Adamcová 
250 |a 1. vyd. 
260 |a Bratislava  |b Slovenské pedagogické nakladateľstvo  |c 1989  |e Ostrava  |f Moravské tiskařské závody 
300 |a 63 s.  |b tab.  |c 21 cm 
366 |e 170 výt. 
500 |a Schválilo MŠM a Tv SSR 
500 |a Na dokumente nad nadpisom je označenie súbor B 
650 0 7 |a ortopedická výroba  |2 SNKPH  |9 627230 
650 0 7 |a stredné odborné učilištia  |2 SNKPH  |9 30904 
655 7 |a učebné osnovy  |2 SNKPH  |9 60479 
700 1 |a Adamcová, Daniela  |4 lso  |9 299678 
919 |a 80-08-00813-X 
958 |a EUIPO 
958 |a OND 
958 |a UO 
958 |a TL 
999 |c 964039  |d 965969 
952 |a SNK  |b SNK  |y VYP  |7 0  |p 17A0342444  |o snkSC 74954 D2  |i snkKSP 5029/2002  |0 0  |1 0  |4 0  |d 2002-04-30  |l 0  |r 2004-12-31 00:00:00  |w 2026-02-24 
952 |a SNK  |b SNK  |y PREZ  |7 0  |p 17A0997521  |o snkSC 74954  |0 0  |1 0  |4 0  |d 2012-09-29  |l 0  |r 2025-07-31 00:00:00  |w 2026-02-24 
952 |a SNK  |b SNK  |y VYP  |7 0  |p 17A1161969  |o snkSC 74954 D1  |i snkKSP 6846/89  |0 0  |1 0  |4 0  |d 2015-03-20  |f 1  |l 0  |r 2026-02-24 10:31:28  |w 2026-02-24